| 000 -LEADER |
| fixed length control field |
00547nam a2200157 4500 |
| 008 - FIXED-LENGTH DATA ELEMENTS--GENERAL INFORMATION |
| fixed length control field |
190723b ||||| |||| 00| 0 eng d |
| 100 ## - MAIN ENTRY--PERSONAL NAME |
| Personal name |
Raghuwanshi, Shobhanjali |
| 245 ## - TITLE STATEMENT |
| Title |
Green HRM - people management commitment to combat carbon footprint in Indian companies: a case study based approach |
| 260 ## - PUBLICATION, DISTRIBUTION, ETC. (IMPRINT) |
| Date of publication, distribution, etc |
2019 |
| 300 ## - PHYSICAL DESCRIPTION |
| Extent |
p.152-158. |
| 650 ## - SUBJECT ADDED ENTRY--TOPICAL TERM |
| Topical term or geographic name as entry element |
GHRM |
| 9 (RLIN) |
7235 |
| 700 ## - ADDED ENTRY--PERSONAL NAME |
| Personal name |
Acharya, Sopnamayee |
| 9 (RLIN) |
7236 |
| 773 ## - HOST ITEM ENTRY |
| Main entry heading |
Prestige International Journal of Management and Research |
| 906 ## - LOCAL DATA ELEMENT F, LDF (RLIN) |
| Subject DIP |
Human resource management |
| 942 ## - ADDED ENTRY ELEMENTS (KOHA) |
| Source of classification or shelving scheme |
|
| Item type |
Articles |